000 00589nam a2200229Ia 4500
003 OSt
005 20220928112643.0
006 a|||||r|||| 00| 0
007 ta
008 220927b |||||||| |||| 00| 0 eng d
024 _a42881
037 _cTextual
040 _aSDCL
_cSDCL
_beng
041 _2eng
_aeng
082 _aV23665'D, L2
100 _aMarshall John
_9429118
245 0 _aGuide to taxile
260 _aDelhi
_bIndological Book House
_c1972
300 _av,132p
_ccm.
942 _hV23665'D, L2
_cTEXL
_2CC
999 _c745605
_d745605